C. Mác, Phri-đrích Ăng-ghen tuyển tập : Gồm sáu tập
Tập 3 của bộ C.Mác và Ph.Ăng-ghen Tuyển tập bao gồm những tác phẩm chọn lọc của C.Mác và Ph.Ăngghen viết "Tuyên ngôn thành lập Hội liên hiệp công nhân quốc tế"
Đã lưu trong:
| Tác giả chính: | |
|---|---|
| Định dạng: | Sách |
| Ngôn ngữ: | Undetermined |
| Được phát hành: |
Hà Nội
Chính trị Quốc gia
1982
|
| Những chủ đề: | |
| Các nhãn: |
Thêm thẻ
Không có thẻ, Là người đầu tiên thẻ bản ghi này!
|
| Thư viện lưu trữ: | Trung tâm Học liệu Trường Đại học Cần Thơ |
|---|
| LEADER | 00884nam a2200217Ia 4500 | ||
|---|---|---|---|
| 001 | CTU_223995 | ||
| 008 | 210402s9999 xx 000 0 und d | ||
| 082 | |a 320.5322 | ||
| 082 | |b C101/T.3 | ||
| 100 | |a Các Mác | ||
| 245 | 0 | |a C. Mác, Phri-đrích Ăng-ghen tuyển tập : | |
| 245 | 0 | |b Gồm sáu tập | |
| 245 | 0 | |c C. Mác, Phri-đrích Ăng-ghen | |
| 260 | |a Hà Nội | ||
| 260 | |b Chính trị Quốc gia | ||
| 260 | |c 1982 | ||
| 520 | |a Tập 3 của bộ C.Mác và Ph.Ăng-ghen Tuyển tập bao gồm những tác phẩm chọn lọc của C.Mác và Ph.Ăngghen viết "Tuyên ngôn thành lập Hội liên hiệp công nhân quốc tế" | ||
| 650 | |a Marxism-leninism,Chủ nghĩa Mác Lênin | ||
| 904 | |i Giang | ||
| 910 | |b dqhieu | ||
| 980 | |a Trung tâm Học liệu Trường Đại học Cần Thơ | ||